00379nam a22001097a 4500082002700000100001500027245010700042260006500149300001000214526003700224650000800261 a621.56bROOcL-8, P-13 aH.E. Roome aA permanent compendium of army instruction (India)bDefence department Government of IndiacRoome, H.E aCalcuttabPrinted by the manager, govt of India press.c1941 a50 p. a0b0c0d621_560000000000000_ROO aMCE